000 01140nam a22002777a 4500
001 BD-DhSAU
003 BD-DhSAU
005 20250720123431.0
008 150420b2005 bg ||||| m||| 00| 0 eng d
040 _aBD-DhSAU
082 _222
_a635
_bN629
100 _aNIRA, JARIN JANNAT
_eRegistration No. # 15-06639
245 _aComparative study of varieties and split application of muriate of potash on growth and yield of onion /
_bMS thesis
260 _aSher-e-Bangla Agricultural Uniersity :
_bDepartment of Horticulture,
_c2022.
300 _aix, 65p. ;
_c30 cm.
500 _aMS thesis of Department of Horticulture, Faculty of Agriculture, Sher-e-Bangla Agricultural University, Dhaka, Bangladesh
504 _aIncludes bibliographical reference.
590 _aNazmul
650 _avarieties and split application
651 _amuriate of potash
654 _agrowth and yield of onion
700 _aProf. Dr. Tahmina Mostarin
_eSuperviser
700 _aProf. Dr. Khaleda Khatun
_eCo-superviser
856 _uhttp://archive.saulibrary.edu.bd:8080/xmlui/handle/123456789/5389
942 _2ddc
_cTHESIS
999 _c17579
_d17578